Criminología, criminalística y victimología (Registro nro. 3047)
[ vista simple ]
| 000 -Cabecera | |
|---|---|
| Campo de control de longitud fija | 00813aam a2200313 4500 |
| 005 - Fecha y hora de la última transacción | |
| Campo de control | 20260225182635.0 |
| 008 - Elementos de longitud fija--Información general | |
| Campo de control de longitud fija | 150303b2011 xxu||||| |||| 00| 0 ES d |
| 020 ## - International Standard Book Number | |
| Número Internacional Estándar del Libro (ISBN) | 9789706138729 |
| 041 ## - Idioma | |
| Código de idioma | Español |
| 082 ## - Clasificación Decimal Dewey | |
| Número de clasificación | 364 P716c |
| 100 ## - Entrada principal--Autor personal | |
| Nombre personal | Plata Luna, América |
| 9 (RLIN) | 25705 |
| 245 ## - Título propiamente dicho | |
| Título | Criminología, criminalística y victimología |
| 260 ## - Pie de imprenta | |
| Lugar de publicación, distribución, etc. | México |
| 260 ## - Pie de imprenta | |
| Nombre del editor, distribuidor, etc. | Oxford |
| 260 ## - Pie de imprenta | |
| Fecha de publicación, distribución, etc. | 2011 |
| 300 ## - Descripción física | |
| Extensión | 221 páginas |
| 490 ## - Serie | |
| Título de la Serie | Investigación Criminal |
| 650 ## - Materia general | |
| Temática (materia general) | CRIMINOLOGÍA |
| 650 ## - Materia general | |
| Temática (materia general) | CRIMINALÍSTICA |
| 650 ## - Materia general | |
| Temática (materia general) | VICTIMOLOGÍA |
| 650 ## - Materia general | |
| Temática (materia general) | HISTORIA DE CRIMINOLOGÍA |
| 650 ## - Materia general | |
| Temática (materia general) | CORRIENTES CRIMINOLÓGICAS |
| 650 ## - Materia general | |
| Temática (materia general) | VIOLENCIA |
| 650 ## - Materia general | |
| Temática (materia general) | IDENTIFICACIÓN DE DELICUENTES |
| 650 ## - Materia general | |
| Temática (materia general) | BALÍSTICA |
| 650 ## - Materia general | |
| Temática (materia general) | ARMAS DE FUEGO |
| 650 ## - Materia general | |
| Temática (materia general) | VÍCTIMAS |
| 942 ## - Punto de acceso adicional KOHA | |
| Tipo de ítem KOHA | Libro |
| Fuente del sistema de clasificación o colocación | Dewey Decimal Classification |
| Signatura completa | Código de barras | Programa Académico | Tipo de ítem |
|---|---|---|---|
| 364 P716c | 17787 | Investigación Criminal | Libro |
| 364 P716c | 18496 | Investigación Criminal | Libro |
| 364 P716c | 17788 | Investigación Criminal | Libro |